Sanat "Toive" - Paula Koivuniemi - Statistics

Yleistilastot
  • Tätä visaa on pelattu 5 kertaa
  • Keskiarvotulos 76 / 156
Vastaustilastot
Vastaus % Oikein
aina
75%
jos
75%
joulu
75%
kun
75%
75%
mun
75%
niin
75%
on
75%
75%
sen
75%
tään
75%
toive
75%
vain
75%
ehkä
50%
enkelten
50%
hiljaisen
50%
jossakin
50%
jouluna
50%
jouluyö
50%
kai
50%
kuljet
50%
kuulet
50%
kuulla
50%
mulle
50%
nyt
50%
ois
50%
rakkauden
50%
rauhoitun
50%
saa
50%
siellä
50%
sulle
50%
sun
50%
suuren
50%
tiellä
50%
toiveen
50%
tunnen
50%
tuoda
50%
valot
50%
Yksin
50%
elämään
25%
ikuinen
25%
jään
25%
jäi
25%
jokaisen
25%
joskus
25%
jotka
25%
joudun
25%
kadottaa
25%
kaiken
25%
kauniit
25%
kimmeltää
25%
kuljettiin
25%
kynttilän
25%
lahja
25%
lähtemään
25%
lumeen
25%
muistan
25%
muistot
25%
nään
25%
nimesi
25%
oisit
25%
pienen
25%
sanoit
25%
susta
25%
sytytän
25%
tähtien
25%
tästä
25%
teen
25%
vaik
25%
valkoiseen
25%
valvoen
25%
vielä
25%
vierelläin
25%
vierellesi
25%
yössä
25%
ystävää
25%
Ehtoja vastaavia visoja ei löytynyt
Tulosjakauma
Jokaisen tuloksen saaneiden osuus
Persentiili vastausten määrän mukaan
Tuloshistoriasi
Et ole pelannut tätä visaa